000 nam a22 a 4500
999 _c163927
_d163927
003 BLK
005 20220216105425.0
008 180410b bul|||||r ||||||| ||bul||
010 _aKNG00171409000
040 _aBLK
041 _aBUL
_cBUL
080 _aБългарска литература
_b821.163.2
_x-82
_z821.163.2-82
139 _aВенец от песен жива
_bВ 46
245 1 0 _aВенец от песен жива
_bЛит. сборник
_cсъстав. Рангел Георгиев Игнатов; худож. Борис Димитров Ангелушев.
257 _aBGR
260 _aСофия
_bДърж. воен. изд.
_c1962
300 _a528 с.
_bс 27 л. ил.
_c25 см
380 _aX
500 _aДруги състав. : Димитър Мудров, Николай Малчев, Никола Николов, Марчо Николов, Димитър Ненчев, Христо Минчев, Евстати Бурнаски, Гатьо Гатев, Николай Павлов. - 12 295 тир.
700 1 _aИгнатов, Рангел Георгиев
_eсъстав.
_9381998
700 1 _aАнгелушев, Борис Димитров
_eхудож.
_9365105
852 _aЦб 24456
856 4 _qpdf
856 4 _qpdf
942 _cKNG
_n0
_s1
944 _aCR
_c16.02.2015
_kТеодора_Стоянова
944 _aED
_c21.09.2017
_kВася_Ганчева
999 _d163927